Basics of Kidney, Renal Disease, Fluid, Electrolyte and Acid-Base Balance (Record no. 246454)

MARC details
000 -LEADER
fixed length control field 00511nam a2200181Ia 4500
008 - FIXED-LENGTH DATA ELEMENTS--GENERAL INFORMATION
fixed length control field 240913s9999||||xx |||||||||||||| ||und||
082 ## - DEWEY DECIMAL CLASSIFICATION NUMBER
-- 616.3992 Q7
100 ## - MAIN ENTRY--PERSONAL NAME
Personal name Kasi Visweswaran R
245 #0 - TITLE STATEMENT
Title Basics of Kidney, Renal Disease, Fluid, Electrolyte and Acid-Base Balance
250 ## - EDITION STATEMENT
Edition statement 1st
260 ## - PUBLICATION, DISTRIBUTION, ETC. (IMPRINT)
Date of publication, distribution, etc 2017
Name of publisher, distributor, etc CBS Publishers & Distributors Pv
500 ## - GENERAL NOTE
General note REFERENCE
650 ## - SUBJECT ADDED ENTRY--TOPICAL TERM
Topical term or geographic name as entry element Reneal Disease
942 ## - ADDED ENTRY ELEMENTS (KOHA)
Item type Reference
Holdings
Withdrawn status Lost status Damaged status Permanent location Current location Shelving location Date acquired Source of acquisition Full call number Barcode Date last seen Koha item type
      CENTRAL LIBRARY, NOORUL ISLAM CENTRE FOR HIGHER EDUCATION CENTRAL LIBRARY, NOORUL ISLAM CENTRE FOR HIGHER EDUCATION   02/06/2018 Edumart, Thiruvananthapuram 616.3992 Q7 77258 09/13/2024 Reference
Visitors:
Copyright © 2024 Central Library NICHE.  All rights reserved.